[Event "German Masters 2020"]
[Site "Magdeburg"]
[Date "2020.08.20"]
[Round "5.1"]
[White "Kollars, Dmitrij"]
[Black "Huschenbeth, Niclas"]
[Result "0-1"]
[WhiteElo "2586"]
[BlackElo "2605"]
[Annotator "TA"]
[PlyCount "286"]
[EventDate "2020.08.16"]
[EventType "tourn"]
[EventCountry "GER"]
[SourceTitle "playchess.com"]
[Source "ChessBase"]
[SourceQuality "1"]

{[%evp 14,286,10,9,31,25,32,22,19,30,16,25,38,16,80,0,14,15,23,17,14,11,16,0,0,0,0,0,0,0,0,-15,-15,-15,-16,-8,-8,-8,-8,-8,-8,-8,-10,-17,-18,-36,-36,-36,-3,-36,-36,-36,-36,-36,-36,-36,-36,-36,-36,-120,-120,-136,-105,-121,-121,-161,-36,-36,-36,-36,-36,-161,-161,-161,-161,-153,-154,-154,-141,-168,-166,-161,-150,-158,-88,-183,-183,-252,-178,-183,-183,-168,0,-195,0,-168,-168,-168,-154,-292,-302,-317,-317,-309,-191,-1402,-249,-316,0,-1371,-316,-302,-373,-316,-316,-1804,-1549,-2025,-316,-302,-187,-187,-187,-187,-187,-187,-187,-187,-186,-176,-168,-263,-263,-174,-186,-302,-302,-295,-295,-4209,-3402,-11400,-29948,-29956,-182,-133,-125,-263,-4252,-3273,-263,-185,-194,-2833,0,0,0,-2610,-2372,-1518,-737,-417,-302,-1960,-2827,-5073,-4197,-12833,-385,-1708,0,-12850,-29937,-29938,-4,-61,0,-29966,-29967,-29948,-29968,-29969,-29970,-29969,0,-12839,-12841,-12824,-11779,-12827,-29952,-29950,-29952,-29946,-29938,-660,-328,-12644,-7427,-3667,-805,-797,-797,-670,-779,-29952,-29950,-29950,-29951,-29954,-29955,-29955,0,-304,0,-29955,-29955,-29954,-29956,-29957,-29956,-29956,0,-29958,-29959,-29960,-29961,-29961,-29959,-29959,0,-29960,-29961,-29961,-29963,-29964,-29964,-29964,-29965,-29964,-29963,-29964,-29965,-29968,0,-29962,-29964,-29962,-29964,-29969,-29967,-29972,-29973,-29972,-29972,-29973,-29974,-29976,-29977,-29977,-29978,-29980,-29979,-29979,-29980,-29982,-29983,-29986,-29984,-29985,-29986,-29985,-29979,-29987,-29984]} 1. c4 Nf6 2. Nf3 e6 3. g3 d5 4. Bg2 d4 5. O-O c5 6. e3 Nc6 7. exd4 cxd4 8. d3 h6 {A13: English Opening: 1...e6.} 9. Bf4 Bd6 10. Bxd6 Qxd6 {The position is equal.} 11. Nbd2 O-O 12. Re1 {[#]} a5 $5 $146 {[%mdl 8] New and interesting.} ({Predecessor:} 12... Rb8 13. Rc1 b6 14. a3 a5 15. Nb3 Bb7 16. c5 bxc5 17. Nxc5 Ba8 18. Re2 Rb5 19. Rec2 Ne7 20. Qe2 {½-½ (20) Erdos,V (2627)-Arutinian,D (2536) Batumi 2018}) 13. Rc1 Qb4 (13... Rd8 $11) 14. Qc2 ({White should try} 14. Nb3 $16) 14... a4 15. a3 Qc5 16. b4 axb3 $1 17. Nxb3 Qa7 18. c5 Rd8 19. Nfd2 e5 20. Nc4 Be6 21. Nxe5 Qxa3 22. Rb1 Nxe5 23. Rxe5 Nd5 24. Bxd5 Bxd5 25. Rxd5 Rxd5 26. Ra1 Qxa1+ $1 27. Nxa1 Rxa1+ $11 {[%mdl 4096] Endgame KQ-KRR} 28. Kg2 Ra6 29. Qb2 Rd7 30. h4 Re6 31. Qb5 Rc6 32. h5 Rdc7 33. Qb4 Rxc5 34. Qxd4 Rc8 35. Qd7 R5c7 36. Qb5 (36. Qd5 $15) 36... Rd8 $1 $17 37. Qb6 Rdd7 38. Qe3 Rc8 $1 39. g4 Rd5 (39... Rcd8 $19 40. f3 Rxd3) 40. Qb6 $15 Rb8 41. d4 Rd7 42. Kg3 (42. Kf3 $1 $15) 42... Rc8 $1 $19 43. Qb5 Rc6 $1 ({Don't do} 43... Rxd4 44. Qxb7 Re8 45. Qc6 $15) 44. Qe5 Rcd6 45. f4 Rxd4 46. g5 hxg5 47. fxg5 R4d6 48. Kf4 Re6 (48... Rd8 $142 49. Qc5 Rd4+ 50. Kf3 R4d5) 49. Qc3 (49. Qc5 $17 Re8 50. Qb4) 49... Rde7 50. Qc5 {[#]} (50. Qc2 $142) 50... Re3 $1 51. Qc2 {[#]} (51. Qxe3 Rxe3) 51... R3e4+ $1 52. Kf3 (52. Qxe4 Rxe4+) 52... Re3+ 53. Kf4 {[#]} R3e4+ $1 54. Kf3 $1 (54. Qxe4 Rxe4+) 54... g6 55. hxg6 fxg6 {Hoping for ...Re3+.} 56. Qc8+ (56. Qb1 $17) 56... Kg7 57. Qc3+ Kh7 58. Qc8 Re3+ 59. Kf2 $2 (59. Kg2) 59... Re2+ $2 (59... R3e5 60. Qh3+ Kg8 61. Qc8+ Kg7) 60. Kf3 R2e3+ $2 (60... R2e5 61. Qh3+ Kg8 62. Qc8+ Kg7) 61. Kf2 $1 R3e5 62. Qh3+ Kg8 63. Qc8+ Kg7 64. Qc3 $2 (64. Qc1) 64... b5 65. Kg2 {[#]} Kf7 $2 (65... b4 $1 66. Qd4 (66. Qxb4 Rxg5+) 66... Kh7 67. Qh4+ Kg8 68. Qxb4 Rxg5+ 69. Kf3 Rf7+ 70. Ke2 Re5+ 71. Kd3 Rd7+ 72. Kc3 Kg7) 66. Qc1 Re2+ 67. Kf3 {[#]} R2e3+ $1 68. Kf2 (68. Qxe3 Rxe3+) 68... R3e4 69. Qc6 Rf4+ 70. Kg3 Rf5 71. Kg4 Ra7 72. Qd6 (72. Qc3 {might work better.}) 72... Ra4+ $1 73. Kh3 Re4 $1 ({Weaker is} 73... Rxg5 74. Qc7+ Ke6 75. Qc6+ Ke7 76. Qc7+ Kf6 77. Qd8+ Kf5 78. Qd5+ Kf6 79. Qd8+ Kf5 80. Qd5+ Kf6 81. Qd8+ $11) 74. Qd7+ (74. Qd8 {is a better defense.}) 74... Re7 75. Qd2 Rfe5 76. Qa2+ $2 (76. Qc1) 76... Kg7 77. Qa1 Kh7 78. Kg4 b4 $2 (78... Re1 79. Qa8 b4 80. Kg3 b3 81. Qb8 R1e3+ 82. Kg2 Re2+ 83. Kg3 b2 84. Kf3 Rc2 85. Qb5 Rc3+ 86. Kf2 Rec7 87. Kg2 Rc1 88. Qxb2 R7c2+ 89. Qxc2 Rxc2+ 90. Kg3 Rc5 91. Kg4 Rf5 92. Kg3 Rc5 93. Kg4 Rf5 94. Kg3 Rc5) 79. Qh1+ Kg8 80. Qa8+ Kg7 $2 (80... Kf7 81. Qa2+ Kf8 82. Qf2+ Ke8) 81. Qa1 Kf7 $2 (81... Kf8 82. Qa8+ Re8) 82. Qa2+ Kf8 {( -> ...Re3)} 83. Qa8+ $2 (83. Qf2+ Ke8 84. Qb6 Re4+ 85. Kf3) 83... Kg7 $2 (83... Re8 $19 84. Qf3+ Kg8) 84. Qa1 $1 $11 Kf8 $2 {[%mdl 8192]} (84... Re8 $11 85. Qa7+ R8e7 86. Qa1) 85. Qa8+ $19 Re8 86. Qc6 Re4+ 87. Kf3 {[#]} R8e6 $1 {[%cal Re6c6]} 88. Qa8+ $2 (88. Qc8+ Kg7 89. Qd7+ Re7 90. Qa4) 88... Kg7 $1 89. Qd5 Re3+ 90. Kf2 Re2+ $2 (90... b3 91. Qd4+ Kh7) 91. Kf3 $2 (91. Kg3 R6e3+ 92. Kf4 Re4+ 93. Kg3 R4e3+ 94. Kf4 Re4+ 95. Kf3 R4e3+ 96. Kf4) 91... R2e3+ (91... R6e3+ $142 92. Kf4 Re4+ $1 {[%mdl 512]} 93. Kf3 R2e3+ 94. Kf2 b3 95. Qd7+ Re7 96. Qd4+ Kh7 97. Qh4+ Kg8 98. Qc4+ Kf8) 92. Kf2 {White hopes to continue with Qb7+.} b3 93. Qd7+ Kg8 $2 (93... Re7 94. Qd4+ Kh7 95. Qh4+ Kg8 96. Qc4+ Kf8 97. Qd4 Kg8 98. Qd5+ Kg7 99. Qh1 Re2+ 100. Kg3 R7e3+ 101. Kf4 Re4+ $1 {[%mdl 512]} 102. Kf3 Kg8 103. Qc1 b2 104. Qc8+ Kg7 105. Qd7+ Re7 106. Qd4+ Kh7 107. Qh4+ Kg8 108. Qc4+ R2e6 109. Qb5 Re3+ 110. Kf2 Re2+ $1 {[%mdl 512]} 111. Kg3 Kh7 112. Qb6 Rc2 113. Qg1 Rc3+ 114. Kf2 Rb3 115. Qh1+ Kg8 116. Qb1 Kf7 117. Kg2 Rc7 118. Qf1+ Kg7 119. Qb1 Rc5 120. Kf2 Kf7 121. Kg2 Rc1 122. Qe4 b1=Q 123. Qd5+ Ke7 124. Qe5+ Kd7 125. Qd5+ Kc7 126. Qe5+ Kc6 127. Qe8+ Kd5 128. Qd7+ Ke5 129. Qe7+ Kf4 130. Qd6+ Ke3 131. Qg3+ Ke4 132. Qg4+ Ke5 133. Qe2+ Qe4+ {[%mdl 64] Double Attack} 134. Kf2 Rc2 $1 {[%mdl 576] Pin} 135. Kg1 Rxe2 136. Kf1 Qg2#) 94. Qd8+ (94. Qc8+ $11 Kg7 95. Qd7+ Re7 96. Qd4+ Kh7 97. Qh4+ Kg8 98. Qc4+ Kf8 99. Qc8+ Kg7 100. Qc4) 94... Kh7 ({Black should play} 94... Kf7 $1 $15 95. Qc7+ Re7) 95. Qc7+ $2 {[%mdl 8192]} (95. Qf8 $11) 95... Re7 96. Qh2+ Kg8 97. Qd6 Re2+ 98. Kf3 R2e3+ (98... Kh7 $142 $1 99. Qb8 b2 100. Kg3 Rc2 101. Kg4 Rc4+ 102. Kf3 Rc3+ 103. Kf2 Rec7 104. Kg2 Rc1 105. Qxb2 R7c2+ 106. Qxc2 Rxc2+ 107. Kf3 Rc5 108. Ke2 Rxg5 109. Ke3 Rf5 110. Ke4 Kh6 111. Kd3 g5 112. Ke4 Kg6 113. Kd4 g4 114. Kd3 g3 115. Kd2 g2 116. Ke3 g1=Q+ 117. Kd3 Qg4 118. Ke3 Rf3+ 119. Kd2 Qg2+ 120. Ke1 Rf1#) 99. Kf2 $1 Kg7 $1 100. Qd4+ Kh7 101. Qh4+ Kg8 102. Qc4+ Kf8 $1 103. Qd4 R3e5 104. Kf3 Rxg5 (104... Kg8 $142 {And now ...Re3+! would win.} 105. Qb6 Re3+ $1 {[%mdl 512]} 106. Kf2 Kh7) 105. Qd8+ $2 (105. Qh8+ Kf7 106. Qh7+ Ke6 107. Qg8+ Rf7+ 108. Ke4) 105... Kf7 106. Qb6 Kg7 107. Qxb3 Rf7+ 108. Ke4 Rg4+ 109. Ke5 Rf5+ 110. Kd6 Rd4+ 111. Ke6 Re4+ 112. Kd6 Rd4+ $2 (112... Rf6+ {mates} 113. Kd7 {[#]} Rfe6 $1 {[%mdl 512]} 114. Qc3+ R6e5 115. Qh3 g5 116. Qh1 g4 117. Qh4 Kg6 118. Kc6 Re6+ 119. Kd7 Kf5 120. Kc7 Re3 121. Qh5+ Kf4 122. Qh4 Kf3 123. Qh1+ Kg3 124. Qf1 Re1 125. Qb5 Kh4 126. Qf5 g3 127. Qh7+ Kg4 128. Qc2 R6e4 129. Qd2 Kf3 130. Qc3+ Kf2 131. Qc2+ Kg1 132. Kc6 g2 133. Qc3 R1e3 134. Qa1+ Kh2 135. Qh8+ Kg3 136. Qa1 Re6+ 137. Kc7 Kh2 138. Qb2 Rh3 139. Kd8 Kh1 140. Qb5 Rhh6 141. Kd7 g1=Q 142. Qd5+ Kh2 143. Qa2+ Kg3 144. Qxe6 Qa7+ {[%mdl 64] Zwischenzug} 145. Kd6 Qa6+ 146. Kc5 Rxe6 147. Kd4 Qc6 148. Kd3 Rd6+ 149. Ke2 Qf3+ 150. Ke1 Qf2#) 113. Ke6 $1 Re4+ $2 (113... Rf6+ $19 114. Ke5 Rdf4 115. Qb7+ Rf7) 114. Kd6 {Strongly threatening Qb7+.} Rfe5 115. Qb7+ Kh6 116. Qf7 {[#]} Re6+ $1 117. Kd5 (117. Qxe6 Rxe6+) 117... R6e5+ 118. Kd6 $1 g5 119. Qf6+ Kh5 120. Qf7+ Kh4 121. Qf2+ Kh5 122. Qf7+ Kg4 123. Qf2 Re2 124. Qg1+ Kh5 125. Qh1+ Kg6 126. Qh3 R2e4 127. Qg3 {[#]} Re3 $1 128. Qf2 R3e4 129. Qg3 $1 g4 {Black mates.} 130. Qh4 Kf5 131. Qh7+ Kf4 132. Qh6+ Kg3 133. Qh1 Re1 134. Qh7 Kg2 135. Qh4 R1e4 136. Qh8 g3 137. Qa8 Kh2 138. Qh8+ Kg1 139. Qh3 g2 140. Qg3 Re3 141. Qf4 R5e4 142. Qf5 Kh2 143. Qh5+ Rh3 {Accuracy: White = 63%, Black = 75%.} 0-1

[Event "German Masters 2020"]
[Site "Magdeburg"]
[Date "2020.08.20"]
[Round "5.2"]
[White "Fridman, Daniel"]
[Black "Heimann, Andreas"]
[Result "1/2-1/2"]
[WhiteElo "2615"]
[BlackElo "2622"]
[Annotator "TA"]
[PlyCount "104"]
[EventDate "2020.08.16"]
[EventType "tourn"]
[EventCountry "GER"]
[SourceTitle "playchess.com"]
[Source "ChessBase"]
[SourceQuality "1"]

{[%evp 11,104,20,29,27,22,11,35,40,33,45,39,31,43,28,40,36,40,46,39,53,74,59,49,50,47,58,70,76,68,24,25,3,10,0,0,0,0,0,0,0,0,0,0,0,0,0,8,8,8,8,8,8,8,8,8,8,14,14,14,14,13,13,13,8,8,0,12,0,8,0,0,0,0,0,8,8,8,8,8,8,8,8,8,8,8,8,8,8,8,8,8,8,8,8,8]} 1. d4 Nf6 2. c4 e6 3. Nf3 d5 4. g3 dxc4 5. Bg2 a6 6. O-O Nc6 7. Nbd2 {E04: Open Catalan: 5 Nf3.} b5 8. b3 {[#]} Bb7 $146 {[#] Threatens to win with ...c3.} (8... c3 {looks sharper.} 9. Nb1 b4 10. a3 Bb7 11. Ne5 Nd5) ({Predecessor:} 8... Rb8 9. Bb2 cxb3 10. Nxb3 Be7 11. Rc1 Bb7 12. Ne1 Na7 13. Bxb7 Rxb7 14. Nd3 O-O {½-½ (41) Vidit,S (2722)-Nakamura,H (2741) Kolkata 2019}) 9. bxc4 {White is slightly better.} Nxd4 10. Nxd4 Bxg2 11. Nxe6 $1 fxe6 12. Kxg2 Bb4 13. Nf3 Qxd1 14. Rxd1 Bc3 15. Rb1 O-O 16. Bb2 Ne4 17. Rd3 Bxb2 18. Rxb2 Rf5 19. cxb5 axb5 20. Re3 Ra4 21. Rc2 g5 {The position is equal.} 22. h3 h5 23. Rxc7 g4 $1 24. hxg4 hxg4 25. Nh2 Rxf2+ 26. Kg1 {[#] And now Rxe4! would win.} Rf7 27. Rxf7 Kxf7 28. Nxg4 $11 {[%mdl 4096] Endgame KRN-KRN} Ke7 29. Ne5 Nd2 30. Nc6+ Kf6 31. Kf2 Ne4+ 32. Kg2 Nd2 33. Kh3 Nc4 34. Rf3+ Kg6 35. Nd4 Rxa2 36. Nxe6 b4 37. Nf4+ Kg5 38. Ne6+ Kg6 39. Nf4+ Kg5 40. Rd3 Rd2 41. Rb3 Rb2 42. Ne6+ Kf5 43. Nd4+ Ke4 44. Rxb2 Nxb2 {KN-KN} 45. Nc2 Nd1 46. Nxb4 {With the idea Kg2.} Nc3 47. g4 Nxe2 48. Kh4 Nd4 49. Kh5 Ke5 50. Nd3+ Kf6 51. Kh6 {Threatening g5+.} Nf5+ 52. gxf5 Kxf5 {Accuracy: White = 97%, Black = 100%.} 1/2-1/2

[Event "German Masters 2020"]
[Site "Magdeburg"]
[Date "2020.08.20"]
[Round "5.3"]
[White "Nisipeanu, Liviu-Dieter"]
[Black "Meier, Georg"]
[Result "1/2-1/2"]
[WhiteElo "2655"]
[BlackElo "2621"]
[Annotator "TA"]
[PlyCount "82"]
[EventDate "2020.08.16"]
[EventType "tourn"]
[EventCountry "GER"]
[SourceTitle "playchess.com"]
[Source "ChessBase"]
[SourceQuality "1"]

{[%evp 15,82,0,0,0,0,0,13,11,12,0,6,0,0,-16,0,-33,-14,-17,-14,-18,-25,-34,-43,-34,-10,-11,-10,-20,-6,-29,13,12,30,0,11,-3,25,-36,-36,-51,-38,-42,0,0,-1,-1,0,-4,0,-26,92,0,0,0,0,0,24,31,25,25,25,23,28,42,35,0,22,0,0]} 1. e4 e6 2. d4 d5 3. Nc3 Bb4 4. e5 c5 5. a3 Bxc3+ 6. bxc3 Qa5 7. Bd2 Qa4 8. h4 Ne7 9. h5 {C18: French: 3 Nc3 Bb4: Main line: 7 h4 and 7 Qg4.} h6 10. Nf3 b6 11. Rh4 $1 c4 12. Rf4 {[#]} Nd7 $146 {[%cal Bb8d7,Bd7f8,Bf8h7][%mdl 32]} ({Predecessor:} 12... Nbc6 13. Nh4 Bd7 14. g3 Rf8 15. Bh3 O-O-O 16. Qg4 f5 17. exf6 gxf6 18. Qg7 Qxc2 {1-0 (30) Coleman,D (2264)-Foisor,M (2222) England 2014}) 13. g3 Nf8 14. Nh2 Nh7 15. Ng4 Bd7 16. Ne3 O-O 17. Rh4 f6 18. f4 fxe5 19. dxe5 Nc6 20. Rh2 Rad8 21. Rf2 Rf7 22. Bg2 Be8 23. Kf1 Nf8 24. Qg4 Qa5 25. Qh4 b5 26. g4 ({White should play} 26. Re1 $11) 26... d4 $1 $15 {[%cal Rd4e3]} 27. cxd4 c3 28. Be1 $1 {[#] Hoping for Rd1.} Rxd4 29. Qg3 $1 b4 30. Kg1 $1 bxa3 31. Nd1 Qc5 32. Kh2 Nb4 (32... g5 $11 {remains equal.} 33. fxg5 Nxe5) 33. Nxc3 (33. Bxc3 $16 Rd8 34. Qe3) 33... Bc6 $11 34. Ne2 Rc4 $1 35. Bxb4 ({Reject} 35. Rxa3 Nxc2 36. Ra5 Qb6 $17) 35... Rxb4 36. Rxa3 Bxg2 37. Rc3 Rc4 {[#] White must now prevent ...Rxc3.} 38. Kxg2 Rc7 {[%cal Rc4c3]} 39. Rxc4 Qxc4 40. f5 Qxc2 41. Qf3 {aiming for Nd4.} Qc5 {Accuracy: White = 80%, Black = 84%.} 1/2-1/2

[Event "German Masters 2020"]
[Site "Magdeburg"]
[Date "2020.08.20"]
[Round "5.4"]
[White "Donchenko, Alexander"]
[Black "Bluebaum, Matthias"]
[Result "0-1"]
[WhiteElo "2657"]
[BlackElo "2647"]
[Annotator "TA"]
[PlyCount "86"]
[EventDate "2020.08.16"]
[EventType "tourn"]
[EventCountry "GER"]
[SourceTitle "playchess.com"]
[Source "ChessBase"]
[SourceQuality "1"]

{[%evp 12,86,0,0,18,22,29,23,30,18,34,37,57,52,52,53,59,52,55,54,70,57,135,77,68,65,80,85,116,118,134,118,135,122,118,80,77,83,81,89,79,89,121,113,95,114,178,131,117,80,78,47,35,21,35,-172,-91,-550,-538,-397,-502,-587,-587,-587,-573,-573,-566,-1195,-896,-1474,-1396,-29970,-29971,-29971,-29971,-29973,-29958]} 1. e4 e6 2. d4 d5 3. Nc3 Nf6 4. e5 Nfd7 5. f4 c5 6. Nf3 Nc6 7. Be3 Rb8 {C11: French: Classical System: 4 e5 and 4 Bg5 dxe4.} 8. Qd2 Qa5 9. a3 {is the legacy move (9.Be2).} b5 {White has an edge.} 10. Ra2 c4 11. f5 Nb6 12. b4 {[#]} Qa6 $146 ({Predecessor:} 12... cxb3 13. cxb3 b4 14. axb4 Qxb4 15. Bb5 Bd7 16. fxe6 fxe6 17. O-O Be7 18. Qd3 O-O {½-½ (33) Timoshenko,G (2566)-Mellado Trivino,J (2394) Andorra 2007}) 13. fxe6 Bxe6 14. Ng5 Be7 15. Be2 O-O 16. O-O Nd7 (16... Na8 $14) 17. Raa1 ({Better is} 17. Bf3) 17... Bxg5 $16 18. Bxg5 Qb6 19. Be3 f6 20. Bf3 Ne7 21. a4 a6 22. axb5 axb5 23. exf6 Nxf6 24. Ra5 Qc6 25. Bf4 Rb7 26. Be5 Ng6 27. Bxf6 Rxf6 28. Ra8+ Nf8 (28... Rf8 $16 {keeps fighting.} 29. Rxf8+ Nxf8) 29. Qg5 {[%cal Rc3d5]} Rbf7 30. Rb8 h6 31. Qg3 Kh7 $1 32. Rxb5 ({But not} 32. Nxb5 Nd7 $15) 32... Ng6 33. Qb8 $2 {[#]} (33. Ra5 $14 {keeps the upper hand.}) 33... Bg4 $40 {[%mdl 128] White is in trouble.} (33... Nh4 $1 $19 {[%cal Rh4f3]} 34. Rb6 Qd7) 34. Nxd5 $2 {[%mdl 8192]} (34. Rb6 $17 {was the crucial defense.} Qxb6 35. Qxb6 Rxb6 36. Bxg4 Rxf1+ 37. Kxf1) 34... Rxf3 $19 35. gxf3 Bxf3 36. Rc5 Qe6 37. Qg3 Bxd5 38. Rxf7 Qxf7 39. Rc7 Qf5 40. c3 Qf6 41. h3 Nh4 {Black mates.} 42. Rd7 Nf3+ 43. Kh1 Be4 {Accuracy: White = 54%, Black = 77%.} 0-1

[Event "German Masters 2020"]
[Site "Magdeburg"]
[Date "2020.08.21"]
[Round "6.1"]
[White "Huschenbeth, Niclas"]
[Black "Bluebaum, Matthias"]
[Result "1/2-1/2"]
[WhiteElo "2605"]
[BlackElo "2647"]
[Annotator "TA"]
[PlyCount "90"]
[EventDate "2020.08.16"]
[EventType "tourn"]
[EventCountry "GER"]
[SourceTitle "playchess.com"]
[Source "ChessBase"]
[SourceQuality "1"]

{[%evp 26,90,14,33,28,14,12,9,5,10,11,0,6,6,0,6,15,5,12,0,13,0,0,0,0,0,0,-3,0,0,0,0,0,0,0,0,0,0,0,0,0,-10,-4,-29,-29,-33,-30,-32,-32,-33,-33,-33,-33,-33,0,0,0,-43,-29,-35,-29,-37,0,-36,0,-43,0]} 1. e4 c6 2. d4 d5 3. Nc3 dxe4 4. Nxe4 Bf5 5. Ng3 Bg6 6. h4 h6 7. Nf3 Nd7 8. h5 Bh7 9. Bd3 Bxd3 10. Qxd3 e6 11. Bd2 Ngf6 12. O-O-O Be7 13. Ne4 Nxe4 14. Qxe4 Nf6 {B19: Classical Caro-Kann: 4...Bf5 main line.} 15. Qd3 c5 16. Qb5+ Qd7 {The position is equal.} 17. Qxd7+ Nxd7 18. Be3 cxd4 19. Bxd4 Nf6 20. Ne5 O-O 21. g4 {[#]} Rfd8 $146 ({Predecessor:} 21... Rfc8 22. Kb1 b5 23. f4 Nh7 24. c3 Rc7 25. Rd3 Rac8 26. a3 Rb7 27. b4 f5 28. gxf5 exf5 {1-0 (35) Filippov,A (2637)-Iordachescu,V (2644) Tashkent 2012}) 22. Kb1 a6 23. Bb6 Rd5 24. Rxd5 Nxd5 25. Bd4 Bf6 26. c3 Rd8 27. Re1 b5 28. a3 Rc8 29. Kc2 a5 {[%cal Ba6a5,Ba5a4][%mdl 32]} 30. Kb3 (30. Re4 {with more complications.} a4 31. f4 Rc7 32. Nf3 Rc8 33. Ne5) 30... Bxe5 31. Rxe5 $11 {[%mdl 4096] Endgame KRB-KRN} a4+ 32. Kc2 Rc6 33. Re1 f6 34. Rd1 Kf7 35. Rd2 Ke7 36. Kd1 Kd6 37. Ke2 e5 38. Be3 Ke6 39. f3 Rd6 40. Rc2 $1 Rc6 41. Rc1 Rc4 42. Rd1 Rc7 43. Rg1 Rc4 44. Rd1 Rc7 45. Rg1 Rc4 {Accuracy: White = 93%, Black = 93%.} 1/2-1/2

[Event "German Masters 2020"]
[Site "Magdeburg"]
[Date "2020.08.21"]
[Round "6.2"]
[White "Meier, Georg"]
[Black "Donchenko, Alexander"]
[Result "1/2-1/2"]
[WhiteElo "2621"]
[BlackElo "2657"]
[Annotator "TA"]
[PlyCount "81"]
[EventDate "2020.08.16"]
[EventType "tourn"]
[EventCountry "GER"]
[SourceTitle "playchess.com"]
[Source "ChessBase"]
[SourceQuality "1"]

{[%evp 23,81,24,11,0,0,0,-4,2,10,0,0,3,10,6,0,0,0,0,0,0,0,0,0,10,20,0,0,0,8,8,8,0,0,-49,0,0,4,7,7,0,0,0,0,0,0,0,0,0,0,0,0,0,0,0,0,0,0,0,0,-34]} 1. Nf3 d5 2. g3 c5 3. Bg2 Nf6 4. O-O e6 5. d4 cxd4 6. Nxd4 e5 7. Nf3 Nc6 8. c4 d4 9. e3 Be7 10. exd4 exd4 11. Bf4 O-O 12. Ne5 Qb6 13. Qb3 {13.Re1 might become the main line. E01: Catalan: Early deviations.} Na5 14. Qb5 Be6 15. Re1 {[#]} Rac8 $146 {[%cal Ra5c4]} ({Predecessor:} 15... Rad8 16. Qxb6 axb6 17. Nd2 Nh5 18. Nd3 Nxf4 19. Nxf4 Bb4 20. Nxe6 fxe6 21. Rxe6 Bxd2 {½-½ (34) Fortune,J (2211)-Kozlov,V (2399) ICCF email 2011}) 16. Qxb6 axb6 17. Nd2 Rfd8 18. Rad1 Nh5 19. Nd3 Nxc4 20. Bxb7 Nxf4 21. Nxf4 Nxd2 22. Nxe6 fxe6 23. Bxc8 Nf3+ {[%mdl 64] [#] Double Attack} 24. Kf1 Rxc8 25. Rxe6 {[%mdl 64] Double Attack} Bc5 26. h4 {aiming for Kg2.} Rf8 27. Kg2 {Black must now prevent Rd3.} Rf5 $1 28. h5 Ne5 (28... Kf7 $5 {[%cal Rf7e6]} 29. Re2 h6 $15) 29. f4 {The position is equal.} Nc4 {And now ...Kf7 would win.} 30. b4 $1 {[%cal Rb4c5]} Kf7 $132 {[%mdl 2048] Black has counterplay} 31. Re2 Ne3+ {[#]} 32. Rxe3 $1 {[%mdl 512]} dxe3 33. bxc5 $11 {[%mdl 4096] Endgame KR-KR} e2 34. Re1 Rxc5 35. Rxe2 Rxh5 36. Rb2 Ra5 37. Rxb6 Rxa2+ 38. Kf3 Ra3+ 39. Kf2 Ra2+ 40. Kf3 Ra3+ 41. Ke4 {A rather calm draw. Accuracy: White = 92%, Black = 96%.} 1/2-1/2

[Event "German Masters 2020"]
[Site "Magdeburg"]
[Date "2020.08.21"]
[Round "6.3"]
[White "Heimann, Andreas"]
[Black "Nisipeanu, Liviu-Dieter"]
[Result "0-1"]
[WhiteElo "2622"]
[BlackElo "2655"]
[Annotator "TA"]
[PlyCount "40"]
[EventDate "2020.08.16"]
[EventType "tourn"]
[EventCountry "GER"]
[SourceTitle "playchess.com"]
[Source "ChessBase"]
[SourceQuality "1"]

{[%evp 11,40,23,87,0,10,4,8,19,25,-32,0,-52,-51,-52,-60,-51,-73,-75,-77,-80,-37,-82,-82,-79,-80,-135,-129,-172,-179,-395,-391]} 1. e4 d5 2. exd5 Qxd5 3. Nf3 Nf6 4. d4 Bg4 5. Be2 Nc6 6. c4 Qh5 (6... Qf5 $11 {remains equal.}) 7. h3 {B01: Scandinavian Defence.} (7. Be3 $16) 7... O-O-O $11 8. Be3 e5 {[#] ...exd4 is the strong threat.} 9. d5 $1 {The position is equal.} e4 10. Nd4 ({Better is} 10. Nfd2 $11 Ne5 11. Bxg4+ Nexg4 12. O-O (12. Bxa7 b6 $17)) 10... Bb4+ {[#]} 11. Nd2 $146 (11. Nc3 $11 Bxe2 12. Ndxe2) ({Predecessor:} 11. Kf1 Ne5 12. b3 c6 13. Nc2 Ba5 14. Bxa7 Bxe2+ 15. Qxe2 Qxe2+ 16. Kxe2 cxd5 17. Bd4 {0-1 (51) Gunnarsson,J (2445)-Fressinet,L (2455) Internet 1998}) 11... Bxe2 $1 $15 12. Qxe2 Ne5 $1 $36 {[%mdl 2048] Black fights for an advantage.} 13. Qxh5 Nxh5 14. b3 c6 15. O-O cxd5 16. cxd5 Bxd2 $1 17. Bxd2 Rxd5 18. Bc3 (18. Be3 $142) 18... Nd3 $17 19. f3 {[#]} e3 $1 20. Rad1 $2 (20. Ne2 {only move.}) 20... Nhf4 {Accuracy: White = 32%, Black = 86%.} 0-1

[Event "German Masters 2020"]
[Site "Magdeburg"]
[Date "2020.08.21"]
[Round "6.4"]
[White "Kollars, Dmitrij"]
[Black "Fridman, Daniel"]
[Result "1-0"]
[WhiteElo "2586"]
[BlackElo "2615"]
[Annotator "TA"]
[PlyCount "55"]
[EventDate "2020.08.16"]
[EventType "tourn"]
[EventCountry "GER"]
[SourceTitle "playchess.com"]
[Source "ChessBase"]
[SourceQuality "1"]

{[%evp 14,55,19,18,18,18,17,13,16,22,20,14,22,-4,7,8,0,0,0,17,10,0,68,72,73,53,127,129,85,47,107,121,126,97,550,550,748,752,1422,1472,29990,29991,29991,29992]} 1. e4 e6 2. d4 d5 3. Nc3 Nf6 4. Bg5 dxe4 5. Nxe4 Nbd7 6. Nxf6+ Nxf6 7. Nf3 h6 8. Be3 $1 {[%mdl 4] is more profitable than 8.Bh4 at the moment.} Bd6 {C10: French with 3 Nc3: Unusual Black 3rd moves and 3...dxe4.} 9. Bd3 O-O 10. Qe2 b6 {The position is equal.} 11. O-O-O Bb7 12. Rhg1 Nd5 13. g4 Nf4 14. Bxf4 $1 Bxf4+ 15. Kb1 Qd5 16. Ne5 {[#]} Bxh2 $146 ({Predecessor:} 16... Rad8 17. g5 Bxe5 18. dxe5 Qf3 19. gxh6 g6 20. Qe1 Rd4 21. Rd2 Rfd8 22. Re2 Qh5 {½-½ (38) Andriasian,Z (2588)-Rychagov,A (2538) Kavala 2010}) 17. c4 Qd8 {[#]} ({Better is} 17... Qd6 $1 $11 18. g5 Bxe5 19. dxe5 Qe7) 18. g5 $1 $14 {[%cal Rg5h6][%mdl 512] Hoping for gxh6.} Bxg1 (18... hxg5 19. Qh5) 19. Rxg1 {Strongly threatening gxh6.} hxg5 (19... Qxd4 $14 20. gxh6 g6) 20. Qh5 $16 {[%csl Gd3][%cal Rh5h7]} f5 {[#]} 21. f4 $1 Qxd4 (21... gxf4 $14 22. Rxg7+ Kxg7 23. Qg6+ {[%mdl 64] Double Attack} Kh8 24. Qh6+ Kg8 25. Qxe6+ Kg7 26. Qg6+ Kh8 27. Qh6+ Kg8 28. Qg6+ Kh8 29. Qh6+ Kg8 30. Qg6+ Kh8) 22. Qxg5 {[%csl Gg1][%cal Rg5g7]} Rf7 {[#]} 23. Rg3 $1 $40 {[%mdl 128] aiming for Qg6! White goes for the king.} Rd8 $2 {[%mdl 8192] [#] A mistake that costs the game.} (23... Be4 $16) 24. Qg6 $1 $18 {[%mdl 512]} Rdd7 25. Rh3 {White wants to mate with Qh7+.} Qxe5 26. fxe5 Rxd3 27. Qh7+ {[%mdl 64] Zwischenzug} Kf8 28. Rxd3 {Accuracy: White = 94%, Black = 46%.} 1-0